000 00411nam a22001457a 4500
999 _c62751
_d62751
005 20250206160912.0
008 250206r2015 enk||||| |||| 00| 0 eng d
022 _a2233-3657
041 _aeng
245 _aTSU Science :
_bScientific-Popular Journal /
_cIvane Javakhishvili Tbilisi State University.
260 _aTbilisi,
_c2014-
300 _aV.
653 _aპერიოდიკა
942 _2udc
_cCR